ბათუმის შოთა რუსთაველის სახელმწიფო უნივერსიტეტის ბიბლიოთეკა

მეცხოველეობის საფუძვლები. (ბიბ.ჩანაწერი № 44876)

000 -LEADER
fixed length control field 01107nam a2200229Ia 4500
001 - CONTROL NUMBER
control field 11692
003 - CONTROL NUMBER IDENTIFIER
control field GE_BSU
008 - FIXED-LENGTH DATA ELEMENTS--GENERAL INFORMATION
fixed length control field 181216s||||||||xx |||||||||||||| ||und||
040 ## - CATALOGING SOURCE
Transcribing agency GE_BSU
080 ## - UNIVERSAL DECIMAL CLASSIFICATION NUMBER
Universal Decimal Classification number 636(075.8)
100 ## - MAIN ENTRY--PERSONAL NAME
Personal name ნ.ა.ბუინოვსკი; ბ.პ.გოლკოპიალოვი; ა.ე.კომისაროვი და სხვ;თარგმ:რუსულიდან ტასო ციციშვილისა და თამარ ბერძენიშვილისა.
245 ## - TITLE STATEMENT
Title მეცხოველეობის საფუძვლები.
245 ## - TITLE STATEMENT
Remainder of title სახელმძღვ. აგრონომიულ უმაღლ.სასწავლებლებისათვის.
245 ## - TITLE STATEMENT
Statement of responsibility, etc. პ/მგ.რედ:ნ.მელიტაური.
260 ## - PUBLICATION, DISTRIBUTION, ETC.
Place of publication, distribution, etc. თბილისი.
260 ## - PUBLICATION, DISTRIBUTION, ETC.
Name of publisher, distributor, etc. ტექნიკა და შრომა.
260 ## - PUBLICATION, DISTRIBUTION, ETC.
Date of publication, distribution, etc. 1949.
300 ## - PHYSICAL DESCRIPTION
Extent 561გვ;24სმ.
300 ## - PHYSICAL DESCRIPTION
Accompanying material ილ.
653 ## - INDEX TERM--UNCONTROLLED
Uncontrolled term მეცხოველეობის საფუძვლები.
942 ## - ADDED ENTRY ELEMENTS (KOHA)
Koha item type წიგნი
ეგზემპლარები
Withdrawn status Lost status Damaged status Not for loan Date acquired Barcode Date last seen Price effective from Koha item type
        2018-12-17 20355 2018-12-17 2018-12-17 წიგნი